| 000 | 01091nam a22003617a 4500 | ||
|---|---|---|---|
| 005 | 20260216134346.0 | ||
| 008 | 180926b2016 xxu||||| |||| 00| 0 spa d | ||
| 020 | _a9789506416164 | ||
| 041 | _aESP | ||
| 082 | _a658.81 D441g | ||
| 100 |
_aDe Salterain, Facundo _949887 |
||
| 245 | _aGerencia exitosa de ventas: métodos, secretos y estrategias para dirigir equipos de vendedores hacia el éxito | ||
| 260 | _aArgentina | ||
| 260 | _bGranica | ||
| 260 | _c2016 | ||
| 300 | _a293 páginas | ||
| 490 | _aDirección y Administración de Empresas | ||
| 650 | _aGERENCIA DE VENTAS | ||
| 650 | _aMARKETING | ||
| 650 | _aGERENTE DE VENTAS EXITOSO | ||
| 650 | _aMERCADOTECNIA | ||
| 650 | _aPLAN DE RECLUTAMIENTO | ||
| 650 | _aVENTAS | ||
| 650 | _aTRANSFORMAR VENDEDORES | ||
| 650 | _aEVALUACIÓN | ||
| 650 | _aCOMUNICACIÓN EFECTIVA CON LOS VENDEDORES | ||
| 650 | _aPENSAMIENTO DE UN GERENTE DE VENTAS | ||
| 650 | _aMOTIVACIÓN A VENDEDORES | ||
| 650 | _aLIDERAZGO | ||
| 650 | _aEQUIPO DE TRABAJO | ||
| 650 | _aPROGRAMAS DE REMUNERACIÓN | ||
| 942 |
_cBK _2ddc |
||
| 999 |
_c11171 _d11171 |
||